|
|
|
|
| LEADER |
00000nam a2200000 a 4500 |
| 001 |
vtls001145046 |
| 003 |
SK-MaSNL |
| 005 |
20260301063120.0 |
| 008 |
240318s1918 xo 0 hun |
| 015 |
|
|
|a SNBA1918
|
| 020 |
|
|
|q (viaz.)
|
| 035 |
|
|
|a SNK000087901
|
| 040 |
|
|
|a SNK
|b slo
|c SNK
|e AACR2
|
| 041 |
0 |
|
|a hun
|
| 044 |
|
|
|a xo
|c SK
|
| 072 |
|
7 |
|a 664
|x Potravinársky priemysel
|2 konspekt
|
| 080 |
|
|
|a 663/664
|2 2001
|
| 100 |
1 |
|
|a Alapi, Július,
|d 1872-1936
|4 aut
|9 199982
|
| 245 |
1 |
0 |
|a Komáromvármegye Alkalmazottai (És Nyugdijasai) Beszerzési Csoportjának Műkődése az 1914-1917. Években
|c Irta: Alapi Gyula Komáromvármegye Főlevéltárnoka, A Beszerzési Csoport Igazgatója
|
| 260 |
|
|
|a Komárom
|b Spitzer Sándor Könyvnyomdája
|c 1918
|
| 300 |
|
|
|a 16 s.
|c 22 cm
|
| 650 |
0 |
7 |
|a potraviny
|2 SNKPH
|9 1614
|
| 650 |
0 |
7 |
|a zásobovanie obyvateľstva
|2 SNK
|9 378356
|
| 650 |
0 |
7 |
|a zásobovacie komisie
|2 SNK
|9 378357
|
| 651 |
|
7 |
|a Komárno (Slovensko)
|2 SNKPHgeo
|9 39168
|
| 710 |
0 |
|
|a Spitzer, Alexander (Komárno, Slovensko),
|d 1890-1938
|4 prt
|9 269749
|
| 752 |
|
|
|a Slovensko
|d Komárno
|
| 852 |
|
|
|a SNK
|p SC 24878
|
| 852 |
|
|
|a SNK
|p SC 24878 D1
|
| 999 |
|
|
|c 623005
|d 624935
|
| 952 |
|
|
|a SNK
|b SNK
|y PREZ
|7 0
|p 17A0922889
|o snkSC 24878
|i snkF 1378/1869
|8 5
|0 0
|1 0
|4 0
|d 2016-02-28
|l 0
|r 2026-02-23 17:01:20
|w 2026-02-23
|
| 952 |
|
|
|a SNK
|b SNK
|y VYP
|7 0
|p 17A1130737
|o snkSC 24878 D1
|i snkF 253/1971
|8 5
|0 0
|1 0
|4 0
|d 2017-07-17
|l 0
|r 2026-02-23 17:01:20
|w 2026-02-23
|